| 000 | 00848cam a22002655a 4500 | ||
|---|---|---|---|
| 999 |
_c18288 _d18260 |
||
| 003 | EG-ScBUE | ||
| 005 | 20201125063846.0 | ||
| 008 | 140610t2001 enka f000 0 eng d | ||
| 020 | _a9789608136229 | ||
| 020 | _a9608136229 | ||
| 040 |
_aEG-ScBUE _beng _erda _cEG-ScBUE _dEG-ScBUE |
||
| 082 | 0 | 4 |
_a428.24 _bSTE _222 |
| 100 | 1 |
_aStephens, Nicholas, _eauthor. _935989 |
|
| 245 | 1 | 0 |
_aLink : _bintermediate : test book / _cNicholas Stephens. |
| 264 | 1 |
_aLondon : _bThomson Heinle : _bNew Editions, English Language Teching, _c[2001] |
|
| 264 | 4 | _cc 2001 | |
| 300 |
_a52 pages : _billustrations ; _c29 cm |
||
| 336 |
_2rdacontent _atext _btxt |
||
| 337 |
_2rdamedia _aunmediated _bn |
||
| 338 |
_2rdacarrier _avolume _bnc |
||
| 590 | _amahmoud sami | ||
| 653 |
_bHHUUEENN _cDecember2019 |
||
| 655 |
_vReading book _934232 |
||
| 942 |
_2ddc _k428.24 STE _cBB |
||